000 00678nam a2200229Ia 4500
003 OSt
005 20250704183628.0
008 210423s2008 xx 000 0 und d
020 _a978108344
040 _cAL
041 _aEnglish
082 _a070.1
_bTHOPS
100 _aPradip Ninan Thomas
_988623
245 _aStrong religion zealous mediac
_b: christian fundamentalism and communication in India
260 _aNew Delhi
_bSage Publications
_c2008
300 _axvii,207p.
_bHB
_c24.9x16cm.
365 _b495
_cINR
650 _aGeneral
_988624
650 _aMass Media
_988625
906 _amedia. ; media:christian ; religion ; Strong ; zealous
942 _2ddc
_cBK
999 _c157520
_d157520